LIBRARY & INFORMATION CENTRE, KCAET, TAVANUR

ONLINE PUBLIC ACCESS CATALOGUE (OPAC)

Prathibhasalikal / (Record no. 6539)

MARC details
000 -LEADER
fixed length control field 00439cam a2200169ua 4500
041 ## - LANGUAGE CODE
Language code of text/sound track or separate title mal
082 ## - DEWEY DECIMAL CLASSIFICATION NUMBER
Classification number 894.81209
Item number ABD/PR
100 ## - MAIN ENTRY--AUTHOR NAME
Personal name Abdul Khader, Vakkom.
245 ## - TITLE STATEMENT
Title Prathibhasalikal /
260 ## - PUBLICATION, DISTRIBUTION, ETC. (IMPRINT)
Place of publication Kottayam :
Name of publisher Sahitya Pravarthaka Co-operative Society ,
Year of publication 1964.
300 ## - PHYSICAL DESCRIPTION
Number of Pages 311 ; .
942 ## - ADDED ENTRY ELEMENTS (KOHA)
Koha item type Books
Holdings
Withdrawn status Lost status Damaged status Home library Current library Date acquired Full call number Accession Number Koha item type Public note
Withdrawn     KAUAET KAUAET 07/04/2012 894.81209 4631 Books Deleted
free website counter